Представление документа в формате RUSMARC

ПолеНазваниеЗначение
  Тип записи c
  Библиографический уровень m
001 Контрольный номер RU/УОНБ/EK_N/359559661
005 Дата корректировки 20251125162431.4
010 Индекс ISBN __
9 Тираж 6830 экз.
013 Номер (ISMN) __
d Цена 50 к.
071 Издательские номер (звукозапись и ноты) 21
a Номер, присвоенный агентством 7695
100 Данные общей обработки __
a Данные общей обработки 20110522g1986 u y0rusy0189||||ca
101 Язык документа 0_
a Язык текста rus
f Язык титульного листа rus
102 Страна публикации __
a Страна публикации RU
105 Кодированные данные (монография) __
a Кодированные данные (монография) y###||||000|y
125 Кодированные данные звукозаписи и нотных изданий __
a Форма изложения нотного текста z|
128 Кодированные данные (звукозаписи-физические характеристики) __
a Кодированные данные: Музыкальная форма и тональность или лад zz
c Инструменты или голоса, рекомендуемые для солистов (устаревшее) tb||
200 Заглавие и сведения об ответственности 1_
a Заглавие Вып. 3
210 Выходные данные 1_
d Дата издания 1986
215 Физическое описание __
a Объем 32 c.
327 Примечание о содержании 11
a Примечание о содержании Содерж. : Прокофьев С. Фея весны : из балета "Золушка". - Мясковский Н. Элегическое настроение : фуга. - Пирумов А. Сонатина. - Панин П. Фантазия. - Максименко В. Мадригал. - Геворкян У. Мелодия : из кф. "Мальчик и лось". - Бадалян Э. Вальс. - Каркалёв С. Маленькая фантазия. - Пухоль Э. Севилья / исполн. ред. С. Каржавина. - Моцарт В. Сонатина До мажор : 1 ч.
461 Уровень набора _0
1 001RU/УОНБ/EK_N/359396784
1 200
a Гитара в концертном зале
b [Ноты]
e шестиструн. гитара
f сост. В. Максименко
v Вып. 3
1 210
d 1984 -
464 Аналитический уровень _0
1 2001
a Фея весны
e из балета "Золушка"
1 700 1
a Прокофьев
b С.
1 50010
a Золушка
464 Аналитический уровень _0
1 2001
a Элегическое настроение
e фуга
1 700 1
a Мясковский
b Н.
464 Аналитический уровень _0
1 2001
a Сонатина
e фуга
1 700 1
a Пирумов
b А.
464 Аналитический уровень _0
1 2001
a Фантазия
1 700 1
a Панин
b П.
464 Аналитический уровень _0
1 2001
a Мелодия
e из кф. "Мальчик и лось"
1 700 1
a Геворкян
b У.
1 50010
a Мальчик и лось
464 Аналитический уровень _0
1 2001
a Вальс
1 700 1
a Бадалян
b Э.
464 Аналитический уровень _0
1 2001
a Маленькая фантазия
1 700 1
a Каркалёв
b С.
464 Аналитический уровень _0
1 2001
a Севилья
1 700 1
a Пухоль
b Э.
1 702 1
a Каржавин
b С.
4 340
464 Аналитический уровень _0
1 2001
a Сонатина До мажор
e ч. 1
1 700 1
a Моцарт
b В.
464 Аналитический уровень _0
1 2001
a Мадригал
1 700 1
a Максименко
b В.
512 Заглавие обложки 1_
a Заглавие обложки Гитара в концертном зале
606 Тематические рубрики 0_
a Основная рубрика Гитара шестиструнная
x Основная подрубрика Концертные произведения
x Основная подрубрика Отрывки из балетов советских композиторов
x Основная подрубрика Музыка из кинофильмов
610 Ключевые слова 0_
a Ключевые слова гитара шестиструнная
610 Ключевые слова 0_
a Ключевые слова концертный репертуар
686 Индексы других классификаций __
a Классификационный индекс 85.956.41я43
2 Код системы rubbk
801 Источник записи _0
a Страна RU
b Организация Ульяновская ОНБ
c Дата составления 20110522
g Правила каталогизации RCR
801 Источник записи _1
a Страна RU
b Организация IS
c Дата составления 20110522
g Правила каталогизации RCR
901 Тип документа __
t Тип документа n
w Контрольный № источника RU/УОНБ/EK_N/359396784
909 Создатель записи __
a Создатель записи Никитина Т. А.
938 Служебная информация __
a Имя БД noti
b Имя библиотеки УОНБ
c Имя АИБС МАРК-SQL
d Номер DOC_ID в БД 8853